<?xml version="1.0" encoding="UTF-8"?>
<collection xmlns="http://www.loc.gov/MARC21/slim">
 <record>
  <leader>00920nam a2200193 a 4500</leader>
  <controlfield tag="001">1/48735</controlfield>
  <controlfield tag="008">190516s1975    gr            00011 gre d</controlfield>
  <datafield tag="035" ind1=" " ind2=" ">
   <subfield code="l">51733</subfield>
  </datafield>
  <datafield tag="040" ind1=" " ind2=" ">
   <subfield code="a">GR-PeUP</subfield>
  </datafield>
  <datafield tag="080" ind1=" " ind2=" ">
   <subfield code="a">891.7342 SOL ΜΤΦ</subfield>
  </datafield>
  <datafield tag="100" ind1="1" ind2=" ">
   <subfield code="a">Solzhenitsyn, Aleksandr Isaevich</subfield>
   <subfield code="d">1918-2008.</subfield>
  </datafield>
  <datafield tag="245" ind1="1" ind2="2">
   <subfield code="a">Ο πρώτος κύκλος της κόλασης /</subfield>
   <subfield code="c">Αλεξάντερ Σολτζενιστύν ; μεταφραστής Δ. Π. Κωστελένος.</subfield>
  </datafield>
  <datafield tag="260" ind1="0" ind2=" ">
   <subfield code="a">Αθήνα :</subfield>
   <subfield code="b">Ζάρβανος,</subfield>
   <subfield code="c">c1975.</subfield>
  </datafield>
  <datafield tag="300" ind1=" " ind2=" ">
   <subfield code="a">2 τ. (816 σ.) ;</subfield>
   <subfield code="c">21 εκ.</subfield>
  </datafield>
  <datafield tag="650" ind1=" " ind2="4">
   <subfield code="a">Ρωσική λογοτεχνία.</subfield>
  </datafield>
  <datafield tag="650" ind1=" " ind2="0">
   <subfield code="a">Russian literature.</subfield>
  </datafield>
  <datafield tag="700" ind1="1" ind2=" ">
   <subfield code="a">Κωστελένος, Δημήτρης Π.,</subfield>
   <subfield code="d">1932-2004.</subfield>
  </datafield>
  <datafield tag="852" ind1=" " ind2=" ">
   <subfield code="a">INST</subfield>
   <subfield code="b">UNIPILB</subfield>
   <subfield code="c">MAIN</subfield>
   <subfield code="e">20190516</subfield>
   <subfield code="h">891.7342 SOL ΜΤΦ</subfield>
   <subfield code="p">00181163</subfield>
   <subfield code="q">00181163</subfield>
   <subfield code="t">LOAN</subfield>
   <subfield code="v">τ.1:</subfield>
   <subfield code="y">0</subfield>
   <subfield code="z">τ.1</subfield>
   <subfield code="4">1</subfield>
  </datafield>
  <datafield tag="852" ind1=" " ind2=" ">
   <subfield code="a">INST</subfield>
   <subfield code="b">UNIPILB</subfield>
   <subfield code="c">MAIN</subfield>
   <subfield code="e">20190516</subfield>
   <subfield code="h">891.7342 SOL ΜΤΦ</subfield>
   <subfield code="p">00181164</subfield>
   <subfield code="q">00181164</subfield>
   <subfield code="t">LOAN</subfield>
   <subfield code="v">τ.2:</subfield>
   <subfield code="y">0</subfield>
   <subfield code="z">τ.2</subfield>
   <subfield code="4">1</subfield>
  </datafield>
 </record>
</collection>
